Statistiques concernant Les prénoms dans les expressions populaires

Cliquez ici pour prendre le quiz!

Statistiques générales

  • Ce quiz a été pris 306 fois
  • Le résultat moyen est 8 sur 15

Statistiques - réponses

ExpressionPrénom% Correct
à l'aise ----------Blaise
93%
cool ---------Raoul
92%
à la tienne -------Etienne
92%
en voiture --------Simone
92%
relaxe -----Max
89%
fonce -----Alphonse
71%
t'as pas tort ------Hector
61%
chauffe -----Marcel
53%
tu parles ----Charles
50%
se faire appeler -----Arthur
36%
------- salopeMarie
28%
t'as le bonjour d' -----Alfred
24%
tranquille comme ----------Baptiste
14%
le coup du père ------François
13%
pas de ça -----Lisette
5%

Distribution des résultats

Percentile par nombre de réponses

% des personnes avec chaque résultat

Votre développement - résultats

Vous n’avez pas pris ce quiz